000 00576nam a22001937a 4500
005 20251108164830.0
008 250721s1994 xx 000 0 ara d
082 1 4 _a616.462/سيد
100 1 _aالحديدي، سيد
245 1 0 _aالداء السكري :
_bقصته - أسبابه - طرق علاجه /
264 1 _aحلب :
_bدار القلم العربي،
_c1994.
300 _a146ص
490 0 _aالكتاب الطبي
650 1 7 _aالأمراض
650 1 7 _aمرض السكر
700 1 _aالباش، نزار
942 _2ddc
_cBK
999 _c15422
_d15422